000
00299nam a2200145Ia 4500
100
_a
Bhandarkar/B.G
942
_c
BK
654
_a
Physics
245
_a
Applied Physics
260
_b
Vrinda publication
_a
Jalgaon
_c
2003
082
_a
530
_b
Bha
300
_a
270
546
_a
ENGLISH
999
_c
35064
_d
35064